Heinrich Zschokke correspondence, (Record no. 42609)

MARC details
000 -LEADER
fixed length control field 01071cpcaa22002777a 4500
001 - CONTROL NUMBER
control field mm 80002422
003 - CONTROL NUMBER IDENTIFIER
control field DLC
005 - DATE AND TIME OF LATEST TRANSACTION
control field 20260227111701.0
008 - FIXED-LENGTH DATA ELEMENTS--GENERAL INFORMATION
fixed length control field 800204|||||||||||| ger
010 ## - LIBRARY OF CONGRESS CONTROL NUMBER
LC control number mm 80002422
040 ## - CATALOGING SOURCE
Original cataloging agency DLC
Transcribing agency DLC
Modifying agency DLC
Description conventions dacs
072 #7 - SUBJECT CATEGORY CODE
Subject category code L
Source lcmd
100 1# - MAIN ENTRY--PERSONAL NAME
Personal name Zschokke, Heinrich,
Dates associated with a name 1771-1848.
245 00 - TITLE STATEMENT
Title Heinrich Zschokke correspondence,
Inclusive dates circa 1828-1847.
300 ## - PHYSICAL DESCRIPTION
Extent 7
Type of unit items.
506 0# - RESTRICTIONS ON ACCESS NOTE
Terms governing access Open to research.
520 8# - SUMMARY, ETC.
Summary, etc. ALsS from Zschokke addressed to Landamann Hans Hitz and other Hitz family members of Washington, D.C., relating chiefly to political affairs in Switzerland.
545 0# - BIOGRAPHICAL OR HISTORICAL DATA
Biographical or historical data Author.
546 ## - LANGUAGE NOTE
Language note Collection material in German.
580 ## - LINKING ENTRY COMPLEXITY NOTE
Linking entry complexity note Forms part of: Miscellaneous Manuscripts collection.
600 10 - SUBJECT ADDED ENTRY--PERSONAL NAME
Personal name Hitz, Landamann Hans,
Dates associated with a name 1772-1840
Form subdivision Correspondence.
600 30 - SUBJECT ADDED ENTRY--PERSONAL NAME
Personal name Hitz family.
651 #0 - SUBJECT ADDED ENTRY--GEOGRAPHIC NAME
Geographic name Switzerland
General subdivision Politics and government
Chronological subdivision 1815-
656 #7 - INDEX TERM--OCCUPATION
Occupation Authors.
Source of term itoamc

No items available.

Powered by Koha